[Event "Wch Juvenil 2013 sub-14"]
[Site "Al-Ain UAE"]
[Date "2013.12.21"]
[Round "4.10"]
[White "Theodorou, Nikolas"]
[Black "Boldoo, Erdenepurev"]
[Result "1/2-1/2"]
[WhiteElo "2238"]
[BlackElo "2072"]
[PlyCount "121"]
[EventDate "2013.12.19"]
[EventType "swiss"]
[EventRounds "11"]
[EventCountry "UAE"]
[Source "lmi"]
[SourceDate "2013.12.19"]

1. d4 d5 2. c4 e6 3. Nc3 Bb4 4. Nf3 Nf6 5. Qa4+ Nc6 6. Bg5 h6 7. Bxf6 Qxf6 8.
e3 O-O 9. Qb3 dxc4 10. Bxc4 Bd6 11. O-O e5 12. Ne4 Qg6 13. Nxd6 cxd6 14. Kh1
Bg4 15. Bd5 Rab8 16. Qa4 Ne7 17. Qb3 Qf6 18. dxe5 dxe5 19. Be4 Rfd8 20. Rac1
Rd7 21. Qa4 Bxf3 22. Bxf3 Nc6 23. b4 Qh4 24. a3 e4 25. b5 Nd4 26. Bd1 Ne6 27.
b6 Rd6 28. bxa7 Ra8 29. Be2 Rd2 30. g3 Qf6 31. Rc2 Rxe2 32. Rxe2 Qf3+ 33. Kg1
Qxe2 34. Qxe4 Rxa7 35. Rc1 Ra8 36. Qxb7 Rd8 37. Rc8 Rxc8 38. Qxc8+ Kh7 39. Qb7
Ng5 40. Kg2 Qd3 41. h4 Qe4+ 42. Qxe4+ Nxe4 43. a4 Nc5 44. a5 Kg6 45. e4 Kf6 46.
f4 Ke6 47. Kf3 Kd6 48. g4 Kc6 49. Ke3 Nb3 50. a6 Kb6 51. h5 Kxa6 52. g5 Nc5 53.
gxh6 gxh6 54. Kd4 Ne6+ 55. Ke5 Ng7 56. Kf6 Nxh5+ 57. Kxf7 Nxf4 58. Kf6 Kb6 59.
Kf5 Nd3 60. Kg6 Kc5 61. Kxh6 1/2-1/2

[Event "Wch Juvenil 2013 sub-14"]
[Site "Al-Ain UAE"]
[Date "2013.12.21"]
[Round "4.11"]
[White "Lopez Mulet, Iñigo"]
[Black "Pranav, Vijay"]
[Result "1-0"]
[WhiteElo "2151"]
[BlackElo "2224"]
[PlyCount "45"]
[EventDate "2013.12.19"]
[EventType "swiss"]
[EventRounds "11"]
[EventCountry "UAE"]
[Source "lmi"]
[SourceDate "2013.12.19"]

1. d4 Nf6 2. c4 g6 3. f3 d5 4. cxd5 Nxd5 5. e4 Nb6 6. Nc3 Bg7 7. Be3 O-O 8. Qd2
Nc6 9. O-O-O f5 10. e5 Nb4 11. Nh3 Be6 12. Kb1 Qd7 13. Nf4 Rfd8 14. h4 Nc4 15.
Qc1 Nxe3 16. Qxe3 Bh6 17. d5 c6 18. h5 Bg5 19. hxg6 h6 20. Qd4 c5 21. Qxc5 Nxd5
22. Nfxd5 Rac8 23. Nf6+ 1-0

[Event "Wch Juvenil 2013 sub-14"]
[Site "Al-Ain UAE"]
[Date "2013.12.21"]
[Round "4.12"]
[White "Song, Edward"]
[Black "Tran, Minh Thang"]
[Result "1-0"]
[WhiteElo "2208"]
[BlackElo "2062"]
[PlyCount "75"]
[EventDate "2013.12.19"]
[EventType "swiss"]
[EventRounds "11"]
[EventCountry "UAE"]
[Source "lmi"]
[SourceDate "2013.12.19"]

1. e4 c5 2. Nf3 Nc6 3. Bb5 g6 4. Bxc6 bxc6 5. O-O Bg7 6. Re1 Qb6 7. c3 c4 8. b3
cxb3 9. axb3 c5 10. d4 cxd4 11. cxd4 Nf6 12. Nc3 d6 13. Be3 a6 14. e5 Ng4 15.
Bg5 e6 16. h3 Nh6 17. Ne4 dxe5 18. Bxh6 Bxh6 19. Nf6+ Kf8 20. Nxe5 Qb7 21. Ne4
Kg7 22. Nd6 Qd5 23. Ndxf7 Rf8 24. Nxh6 Kxh6 25. Rc1 Bb7 26. Qg4 Rac8 27. Rxc8
Rxc8 28. Qh4+ Kg7 29. Qe7+ Kg8 30. Qf7+ Kh8 31. Qf6+ Kg8 32. Qf7+ Kh8 33. Nf3
Qb5 34. Qf6+ Kg8 35. Qxe6+ Kg7 36. Qe7+ Kh6 37. Qh4+ Kg7 38. Re7+ 1-0

[Event "Wch Juvenil 2013 sub-14"]
[Site "Al-Ain UAE"]
[Date "2013.12.21"]
[Round "4.14"]
[White "Zayan, Mohamed"]
[Black "Visakh, Nr"]
[Result "0-1"]
[WhiteElo "1939"]
[BlackElo "2303"]
[PlyCount "64"]
[EventDate "2013.12.19"]
[EventType "swiss"]
[EventRounds "11"]
[EventCountry "UAE"]
[Source "lmi"]
[SourceDate "2013.12.19"]

1. e4 c5 2. Nf3 e6 3. d4 cxd4 4. Nxd4 a6 5. Bd3 Nc6 6. Nxc6 dxc6 7. O-O Qc7 8.
Qe2 e5 9. Nd2 Nf6 10. Nc4 Be6 11. Ne3 O-O-O 12. Bc4 Bc5 13. a4 Rd4 14. Bxe6+
fxe6 15. f3 Rhd8 16. Kh1 Nh5 17. g3 Nf6 18. Nc4 b5 19. axb5 cxb5 20. Na5 R4d6
21. c4 Bb4 22. cxb5 Bxa5 23. Bf4 exf4 24. Rfc1 fxg3 25. hxg3 Nh5 26. Rxc7+ Bxc7
27. Qc4 Nxg3+ 28. Kg2 Rd2+ 29. Kh3 Nh5 30. Qxe6+ Kb8 31. Qb3 Nf4+ 32. Kg4 Rg2+
0-1

[Event "Wch Juvenil 2013 sub-14"]
[Site "Al-Ain UAE"]
[Date "2013.12.21"]
[Round "4.15"]
[White "Nigmatov, Ortik"]
[Black "Tari, Aryan"]
[Result "0-1"]
[WhiteElo "2023"]
[BlackElo "2418"]
[PlyCount "100"]
[EventDate "2013.12.19"]
[EventType "swiss"]
[EventRounds "11"]
[EventCountry "UAE"]
[Source "lmi"]
[SourceDate "2013.12.19"]

1. d4 Nf6 2. Nf3 g6 3. Bf4 Bg7 4. h3 O-O 5. e3 c5 6. c3 d5 7. Bd3 Nc6 8. Nbd2
Nd7 9. O-O e5 10. dxe5 Ndxe5 11. Nxe5 Nxe5 12. Be2 Qe7 13. Nf3 Rd8 14. Qb3 c4
15. Qd1 Nxf3+ 16. Bxf3 Bf5 17. Re1 b5 18. a3 a5 19. Qd2 Be4 20. Be2 Qb7 21. f3
Bf5 22. Red1 Rd7 23. g4 Be6 24. Rab1 Qc6 25. Ra1 h6 26. Kf2 g5 27. Bg3 f5 28.
Kg2 Rf8 29. Rf1 d4 30. cxd4 fxg4 31. hxg4 Bxg4 32. Rad1 Be6 33. Qc3 Qb6 34. Be5
Bxe5 35. dxe5 Rfd8 36. Rxd7 Rxd7 37. Rd1 Rxd1 38. Bxd1 b4 39. axb4 axb4 40. Qc2
Kg7 41. Qe4 b3 42. Be2 Qb5 43. Kg3 Qd5 44. Qd4 Qxd4 45. exd4 Kg6 46. Bd1 c3 47.
Bxb3 Bxb3 48. bxc3 Kf5 49. Kg2 Kf4 50. Kf2 h5 0-1

[Event "Wch Juvenil 2013 sub-14"]
[Site "Al-Ain UAE"]
[Date "2013.12.21"]
[Round "4.16"]
[White "Aravindh, Chithambaram Vr"]
[Black "Sevgi, Volkan"]
[Result "1-0"]
[WhiteElo "2415"]
[BlackElo "2007"]
[PlyCount "101"]
[EventDate "2013.12.19"]
[EventType "swiss"]
[EventRounds "11"]
[EventCountry "UAE"]
[Source "lmi"]
[SourceDate "2013.12.19"]

1. e4 c6 2. Nc3 d5 3. Nf3 Bg4 4. h3 Bxf3 5. Qxf3 e6 6. g3 Nd7 7. Qe2 dxe4 8.
Nxe4 Ngf6 9. Bg2 Nxe4 10. Qxe4 Nf6 11. Qe2 Qc7 12. d4 O-O-O 13. c3 Bd6 14. O-O
h6 15. c4 Qe7 16. Be3 Kb8 17. Rab1 c5 18. b4 cxd4 19. Bxd4 e5 20. Rfe1 Rhe8 21.
Qf3 Qc7 22. Be3 e4 23. Qe2 Be5 24. Red1 Rxd1+ 25. Rxd1 Rd8 26. Rd2 g5 27. Qd1
Rxd2 28. Qxd2 Qd6 29. Qxd6+ Bxd6 30. Bd4 Be7 31. b5 b6 32. Kf1 Kc7 33. Ke2 Kd7
34. Ke3 Bc5 35. Bxc5 bxc5 36. a4 Kd8 37. Bxe4 Ne8 38. Bd5 Nd6 39. f4 f6 40. Kf3
Nf5 41. Be4 Ng7 42. fxg5 fxg5 43. Kg4 Kd7 44. Bd5 Kd6 45. a5 Kc7 46. Bf7 Kd6
47. h4 gxh4 48. gxh4 Ke7 49. b6 axb6 50. a6 h5+ 51. Kh3 1-0

[Event "Wch Juvenil 2013 sub-14"]
[Site "Al-Ain UAE"]
[Date "2013.12.21"]
[Round "4.17"]
[White "Fawzy, Adham"]
[Black "Zajic, Milan"]
[Result "0-1"]
[WhiteElo "2013"]
[BlackElo "2340"]
[PlyCount "64"]
[EventDate "2013.12.19"]
[EventType "swiss"]
[EventRounds "11"]
[EventCountry "UAE"]
[Source "lmi"]
[SourceDate "2013.12.19"]

1. e4 e6 2. d4 d5 3. Nc3 Bb4 4. Nge2 Nc6 5. a3 Ba5 6. Be3 Nge7 7. b4 Bb6 8. Qd2
O-O 9. O-O-O a5 10. b5 Na7 11. f3 a4 12. Nf4 Ba5 13. Qd3 Bd7 14. Nxa4 Nxb5 15.
exd5 Nxd5 16. Nxd5 exd5 17. Qb3 Nxa3 18. Nc5 Bf5 19. Nxb7 Qe7 20. Nxa5 Bxc2 21.
Nc6 Qe6 22. Qc3 Bxd1 23. Kxd1 Nc4 24. Ne5 Ra3 25. Qxa3 Nxa3 26. Bd2 f6 27. Nd3
Re8 28. Nc5 Qb6 29. Bd3 Nc4 30. Bxc4 Qb1+ 31. Bc1 dxc4 32. Kd2 Qa2+ 0-1

[Event "Wch Juvenil 2013 sub-14"]
[Site "Al-Ain UAE"]
[Date "2013.12.21"]
[Round "4.18"]
[White "Santos Ruiz, Miguel"]
[Black "Hoang, Harry"]
[Result "1/2-1/2"]
[WhiteElo "2307"]
[BlackElo "1990"]
[PlyCount "114"]
[EventDate "2013.12.19"]
[EventType "swiss"]
[EventRounds "11"]
[EventCountry "UAE"]
[Source "lmi"]
[SourceDate "2013.12.19"]

1. e4 e5 2. Nf3 Nf6 3. Nxe5 d6 4. Nf3 Nxe4 5. c4 Be7 6. Nc3 Nxc3 7. dxc3 Nc6 8.
Qc2 Be6 9. Be3 Qd7 10. Bd3 h6 11. O-O O-O 12. Rad1 Bf6 13. Nd2 Ne5 14. Ne4 Qe7
15. c5 Nxd3 16. cxd6 cxd6 17. Qxd3 Bf5 18. Nxf6+ Qxf6 19. Qxd6 Qxd6 20. Rxd6
Rfd8 21. Rfd1 Rxd6 22. Rxd6 Be6 23. b3 Kf8 24. Kf1 b6 25. Ke2 Ke7 26. Rd4 Rc8
27. c4 Rd8 28. Rxd8 Kxd8 29. Kd3 Kd7 30. b4 Kc6 31. b5+ Kb7 32. a3 a6 33. Kc3
axb5 34. cxb5 h5 35. Bd4 g6 36. Bf6 Bf5 37. Bd8 Be4 38. g3 Bf3 39. a4 Bd1 40.
Kb4 Bf3 41. a5 bxa5+ 42. Kxa5 Bg2 43. f4 Bh3 44. Kb4 Bg4 45. Kc5 Be2 46. Bf6
Bf1 47. Bd4 Be2 48. Bf6 Kc7 49. h4 Bg4 50. b6+ Kb7 51. Bd4 Bf5 52. Kd6 Bg4 53.
Ke5 Bf5 54. Kf6 Be6 55. Be3 Kc6 56. f5 Bxf5 57. Kxf7 Kb7 1/2-1/2

[Event "Wch Juvenil 2013 sub-14"]
[Site "Al-Ain UAE"]
[Date "2013.12.21"]
[Round "4.19"]
[White "Martinez Alcantara, Jose Eduar"]
[Black "Bunyatov, Rustam Faiq"]
[Result "1-0"]
[WhiteElo "2301"]
[BlackElo "1965"]
[PlyCount "93"]
[EventDate "2013.12.19"]
[EventType "swiss"]
[EventRounds "11"]
[EventCountry "UAE"]
[Source "lmi"]
[SourceDate "2013.12.19"]

1. c4 Nf6 2. Nc3 c5 3. Nf3 e6 4. g3 b6 5. Bg2 Bb7 6. O-O a6 7. d3 d6 8. e4 Qc7
9. Ne1 Nc6 10. Nc2 Be7 11. f4 Nd4 12. Nxd4 cxd4 13. Nb1 O-O 14. Nd2 e5 15. f5
b5 16. b3 Nd7 17. g4 Bg5 18. Nf3 Bxc1 19. Rxc1 bxc4 20. bxc4 Nc5 21. f6 Ne6 22.
fxg7 Rfb8 23. Nh4 Nf4 24. Qd2 Bc8 25. Rxf4 exf4 26. Qxf4 Qe7 27. Nf5 Bxf5 28.
exf5 Ra7 29. Qxd4 Rd7 30. f6 Qe2 31. Qe4 Qb2 32. Rf1 Rdd8 33. Qf5 Qd2 34. Be4
Qe3+ 35. Kh1 Qh6 36. Bd5 Qh3 37. Qf3 Qxf3+ 38. Rxf3 Re8 39. Be4 Re6 40. Rf2 h6
41. h4 a5 42. Kh2 a4 43. g5 hxg5 44. hxg5 Re5 45. Rf4 Rb2+ 46. Kh3 Rxg5 47.
Bh7+ 1-0

[Event "Wch Juvenil 2013 sub-14"]
[Site "Al-Ain UAE"]
[Date "2013.12.21"]
[Round "4.20"]
[White "Akhgari, Reza"]
[Black "Tokranovs, Dmitrijs"]
[Result "1/2-1/2"]
[WhiteElo "2000"]
[BlackElo "2273"]
[PlyCount "152"]
[EventDate "2013.12.19"]
[EventType "swiss"]
[EventRounds "11"]
[EventCountry "UAE"]
[Source "lmi"]
[SourceDate "2013.12.19"]

1. d4 d5 2. c4 c6 3. Nf3 e6 4. Qc2 f5 5. g3 Nf6 6. Bg2 Bd6 7. O-O O-O 8. b3
Nbd7 9. Ba3 Bxa3 10. Nxa3 Ne4 11. e3 Qf6 12. Nd2 Qh6 13. Rae1 Ndf6 14. f3 Nd6
15. Rf2 Bd7 16. Nf1 Rae8 17. Qc3 Nf7 18. Rd2 Qh5 19. Qc1 Bc8 20. Qd1 Qh6 21.
Qc1 Ng5 22. Nb1 Nf7 23. Nc3 b6 24. Na4 Bb7 25. Nb2 Rc8 26. Nd3 Rfe8 27. Qa3 a6
28. Qb4 Nd7 29. Kh1 a5 30. Qa4 Qf6 31. Rc1 Qd8 32. Qa3 e5 33. dxe5 Ndxe5 34.
Nxe5 Nxe5 35. cxd5 cxd5 36. Rcd1 Qc7 37. Qb2 Qc3 38. Qxc3 Rxc3 39. h3 Ng6 40.
f4 Ne7 41. Kg1 Kf7 42. Kf2 g6 43. Rd3 Rec8 44. Rxc3 Rxc3 45. Rd2 Ke6 46. Nh2
Ng8 47. Nf3 Nf6 48. Nd4+ Ke7 49. Rc2 Rxc2+ 50. Nxc2 Kd6 51. Ke1 Kc5 52. a3 Bc8
53. Bf3 Bd7 54. Kd2 Ne8 55. Kc3 Nc7 56. b4+ axb4+ 57. axb4+ Kd6 58. Nd4 Bb5 59.
h4 h5 60. Bd1 Bf1 61. Ba4 Bc4 62. Nf3 b5 63. Bc2 Ke6 64. Ne5 Kf6 65. Bd1 Kg7
66. Bf3 Kf6 67. Bg2 Ba2 68. Bf3 Bc4 69. Bd1 Kg7 70. Nc6 Kf6 71. Ne5 Kg7 72. Nd7
Ne6 73. Nc5 Nd8 74. Bf3 Kf7 75. Nd7 Nc6 76. Nc5 Ke7 1/2-1/2

[Event "Wch Juvenil 2013 sub-14"]
[Site "Al-Ain UAE"]
[Date "2013.12.21"]
[Round "4.21"]
[White "Lorparizangeneh, Shahin"]
[Black "Gokerkan, Cem Kaan"]
[Result "1/2-1/2"]
[WhiteElo "2270"]
[BlackElo "1960"]
[PlyCount "95"]
[EventDate "2013.12.19"]
[EventType "swiss"]
[EventRounds "11"]
[EventCountry "UAE"]
[Source "lmi"]
[SourceDate "2013.12.19"]

1. d4 Nf6 2. c4 g6 3. Nc3 Bg7 4. e4 O-O 5. Be3 d6 6. f3 e5 7. Nge2 c6 8. Qd2
Nbd7 9. d5 cxd5 10. cxd5 a6 11. g4 b5 12. Ng3 Bb7 13. h4 Rc8 14. h5 Qa5 15. g5
Nxh5 16. Nxh5 gxh5 17. Bh3 Rfd8 18. Bf5 Rc4 19. Rxh5 Nf8 20. Kf2 Bc8 21. Rhh1
Bd7 22. Rhc1 Rdc8 23. Ne2 Qc7 24. b3 Rc2 25. Rxc2 Qxc2 26. Rc1 Qxd2 27. Bxd2
Bxf5 28. exf5 Rxc1 29. Bxc1 f6 30. Ng3 fxg5 31. Bxg5 Nd7 32. Bd8 Bf6 33. Bc7
Bh4 34. Bxd6 Nf6 35. Bxe5 Nxd5 36. f4 Nb4 37. a4 Nd3+ 38. Kf3 Nc1 39. axb5 axb5
40. b4 Bxg3 41. Kxg3 Na2 42. Bd6 Kf7 43. Kg4 Kf6 44. Be5+ Kf7 45. Bd6 Kf6 46.
Be5+ Kf7 47. Bd6 Kf6 48. Be5+ 1/2-1/2

[Event "Wch Juvenil 2013 sub-14"]
[Site "Al-Ain UAE"]
[Date "2013.12.21"]
[Round "4.22"]
[White "Fernandez, Michael"]
[Black "Shtembuliak, Evgeny"]
[Result "0-1"]
[WhiteElo "1975"]
[BlackElo "2263"]
[PlyCount "158"]
[EventDate "2013.12.19"]
[EventType "swiss"]
[EventRounds "11"]
[EventCountry "UAE"]
[Source "lmi"]
[SourceDate "2013.12.19"]

1. e4 c5 2. Nc3 e6 3. f4 Nc6 4. Nf3 a6 5. g3 b5 6. Bg2 Bb7 7. d3 Nge7 8. Be3 d6
9. O-O Qc7 10. Nh4 b4 11. Ne2 Ng6 12. Nxg6 hxg6 13. d4 cxd4 14. Nxd4 Rc8 15.
Qd2 Nxd4 16. Qxd4 a5 17. Rac1 Qc4 18. Qxc4 Rxc4 19. b3 Rc8 20. Bd4 e5 21. Bb6
exf4 22. gxf4 Rh5 23. Bf3 Rb5 24. Be3 a4 25. Be2 Ra5 26. Bd3 a3 27. c3 bxc3 28.
b4 Raa8 29. Bd4 d5 30. Bb5+ Bc6 31. Bxc6+ Rxc6 32. exd5 Rc4 33. Bxc3 Rac8 34.
Bd2 Bxb4 35. Rce1+ Kd7 36. Bxb4 Rxb4 37. Re3 Rc2 38. Rxa3 Rbb2 39. Rd1 Rg2+ 40.
Kh1 Rxh2+ 41. Kg1 Rbg2+ 42. Kf1 Rxa2 43. Rxa2 Rxa2 44. Rd4 Kd6 45. Re4 Ra7 46.
Kf2 Kxd5 47. Re5+ Kd6 48. Kg3 Ra3+ 49. Kf2 f6 50. Rb5 Ra7 51. Kf3 Ke6 52. Rb6+
Kf7 53. Rb3 Ra5 54. Rb7+ Kg8 55. Kg4 g5 56. f5 Ra4+ 57. Kg3 Kh7 58. Rc7 Rf4 59.
Rc5 Re4 60. Rc7 Rf4 61. Rc5 Kh6 62. Rd5 g6 63. fxg6 Kxg6 64. Ra5 Rb4 65. Ra6
Rd4 66. Rb6 Kf5 67. Rb5+ Ke6 68. Kf3 f5 69. Ra5 Rd3+ 70. Kg2 g4 71. Ra8 Ke5 72.
Ra5+ Ke4 73. Ra8 Ke3 74. Kg3 Ke2+ 75. Kg2 f4 76. Rf8 Rg3+ 77. Kh2 Kf3 78. Ra8
Rg2+ 79. Kh1 Re2 0-1

[Event "Wch Juvenil 2013 sub-14"]
[Site "Al-Ain UAE"]
[Date "2013.12.21"]
[Round "4.23"]
[White "Dai, Changren"]
[Black "Oliveira, Tiago Lopes"]
[Result "1-0"]
[WhiteElo "2216"]
[BlackElo "1930"]
[PlyCount "117"]
[EventDate "2013.12.19"]
[EventType "swiss"]
[EventRounds "11"]
[EventCountry "UAE"]
[Source "lmi"]
[SourceDate "2013.12.19"]

1. e4 c5 2. Nf3 d6 3. d4 cxd4 4. Nxd4 Nf6 5. Nc3 a6 6. Be3 e5 7. Nb3 Be6 8. f3
Be7 9. Qd2 O-O 10. O-O-O Nbd7 11. g4 b5 12. Rg1 b4 13. Nd5 Bxd5 14. exd5 Nb6
15. Na5 Nfxd5 16. Nc6 Qc7 17. Nxe7+ Qxe7 18. Bxb6 Nxb6 19. Qxd6 Qg5+ 20. Qd2
Qe7 21. Bd3 Rfd8 22. Rge1 Nd5 23. f4 Qc7 24. Rxe5 Rac8 25. Bf5 Nf6 26. Qe2
Rxd1+ 27. Kxd1 Rd8+ 28. Bd3 g6 29. g5 Nd5 30. Re8+ Rxe8 31. Qxe8+ Kg7 32. Qe5+
Qxe5 33. fxe5 a5 34. Ke2 Nf4+ 35. Kf3 Ne6 36. h4 Nc5 37. Bb5 Kf8 38. a3 Ke7 39.
axb4 axb4 40. Bc4 Na4 41. b3 Nc3 42. Ke3 Nd1+ 43. Kd4 Nf2 44. Bd5 Nd1 45. Bf3
Nc3 46. Bg4 Nb5+ 47. Kd3 Nc3 48. Kc4 Na2 49. Bh3 Kf8 50. Bg2 Kg7 51. Bd5 Nc3
52. Kc5 Na2 53. Kd6 Nc3 54. Bc4 Ne4+ 55. Ke7 Ng3 56. Bxf7 Nf5+ 57. Ke8 Nxh4 58.
Bd5 Nf5 59. e6 1-0

[Event "Wch Juvenil 2013 sub-14"]
[Site "Al-Ain UAE"]
[Date "2013.12.21"]
[Round "4.24"]
[White "Virtanen, Teemu"]
[Black "Dolana, Andrei-Theodor"]
[Result "1/2-1/2"]
[WhiteElo "1936"]
[BlackElo "2210"]
[PlyCount "119"]
[EventDate "2013.12.19"]
[EventType "swiss"]
[EventRounds "11"]
[EventCountry "UAE"]
[Source "lmi"]
[SourceDate "2013.12.19"]

1. e4 c5 2. b3 Nc6 3. Bb2 e5 4. Bc4 d6 5. Nc3 g6 6. Nge2 Bg7 7. O-O Nge7 8. f4
O-O 9. Qe1 Kh8 10. fxe5 Nxe5 11. Nf4 Nxc4 12. bxc4 f5 13. Rb1 Nc6 14. d3 Nd4
15. Nb5 Nxc2 16. Bxg7+ Kxg7 17. Qc3+ Nd4 18. Nxd4 cxd4 19. Qxd4+ Qf6 20. Qxf6+
Rxf6 21. Nd5 Rf7 22. exf5 gxf5 23. Rfe1 Kf8 24. Kf2 b6 25. Re2 Bd7 26. Rbe1 Bc6
27. Nf4 Kg8 28. Re6 Rd8 29. R1e3 Rdd7 30. Nh5 f4 31. Re8+ Rf8 32. Rxf8+ Kxf8
33. Nxf4 Rf7 34. g3 Rf6 35. d4 d5 36. Rc3 dxc4 37. Rxc4 Bd5 38. Rc8+ Kg7 39.
Ke3 Rc6 40. Rxc6 Bxc6 41. d5 Bd7 42. Nd3 Kf6 43. Kf4 b5 44. g4 Ke7 45. g5 Kd6
46. Ke4 a5 47. h4 Be8 48. Kd4 b4 49. Nc5 a4 50. Nd3 b3 51. axb3 axb3 52. Nb2
Bb5 53. h5 Be8 54. h6 Ke7 55. Ke5 Kf7 56. Kf5 Bd7+ 57. Kf4 Kg6 58. Nc4 Bb5 59.
Nb2 Bd7 60. Nc4 1/2-1/2

[Event "Wch Juvenil 2013 sub-14"]
[Site "Al-Ain UAE"]
[Date "2013.12.21"]
[Round "4.25"]
[White "Maghsoodloo, Parham"]
[Black "Kutsanyan, Andranik"]
[Result "1/2-1/2"]
[WhiteElo "2199"]
[BlackElo "1907"]
[PlyCount "184"]
[EventDate "2013.12.19"]
[EventType "swiss"]
[EventRounds "11"]
[EventCountry "UAE"]
[Source "lmi"]
[SourceDate "2013.12.19"]

1. Nf3 Nf6 2. g3 g6 3. b3 Bg7 4. Bb2 O-O 5. Bg2 d5 6. c4 c6 7. O-O Nbd7 8. Qc2
Re8 9. Ne5 Nxe5 10. Bxe5 Ng4 11. Bxg7 Kxg7 12. d4 dxc4 13. Qxc4 e5 14. dxe5
Nxe5 15. Qc3 Qf6 16. e4 Ng4 17. h3 Qxc3 18. Nxc3 Nf6 19. f4 Be6 20. e5 Nd5 21.
Bxd5 Bxd5 22. Nxd5 cxd5 23. Rfd1 Red8 24. Rac1 Rd7 25. Kf2 Kf8 26. Ke3 Ke7 27.
Kd4 Re8 28. Re1 Ke6 29. g4 Rg8 30. Rg1 Rf8 31. Rc5 f5 32. g5 Rh8 33. h4 Re8 34.
h5 Red8 35. Rh1 Kf7 36. hxg6+ hxg6 37. Rh6 Kg7 38. e6 Re7 39. Rxd5 Rde8 40. Rd7
Rxd7+ 41. exd7 Rd8 42. Rh2 Rxd7+ 43. Ke5 Re7+ 44. Kd6 Re4 45. Rc2 Rxf4 46. Rc7+
Kg8 47. Rxb7 Rg4 48. Rxa7 Rxg5 49. Ke5 Rg4 50. Rb7 Re4+ 51. Kf6 Rg4 52. a4 f4
53. Rb4 Rg3 54. a5 f3 55. Rf4 f2 56. Rxf2 Rxb3 57. Ra2 Rb7 58. a6 Ra7 59. Ke6
Kg7 60. Kd6 Kf6 61. Kc6 Kf5 62. Kb6 Ra8 63. Kb7 Rg8 64. Rf2+ Ke4 65. Rf6 g5 66.
a7 g4 67. Rg6 Rxg6 68. a8=Q g3 69. Kc7+ Kf4 70. Qa4+ Kf3 71. Qb3+ Kg4 72. Qd1+
Kf4 73. Qd4+ Kf5 74. Qd3+ Kf6 75. Qf3+ Ke6 76. Qg2 Ke7 77. Kc8 Ke8 78. Qe4+ Kf7
79. Qb7+ Kg8 80. Qg2 Kf7 81. Kd7 Kf8 82. Qc2 Kf7 83. Qa2+ Kf8 84. Qb1 Kf7 85.
Qb3+ Kg7 86. Qc3+ Kh7 87. Qd4 g2 88. Qg1 Kg8 89. Ke8 Rg7 90. Kd8 Kh8 91. Ke8
Kg8 92. Kd8 Kh8 1/2-1/2

[Event "Wch Juvenil 2013 sub-14"]
[Site "Al-Ain UAE"]
[Date "2013.12.21"]
[Round "4.26"]
[White "Baskin, Robert"]
[Black "Manukyan, Artyom"]
[Result "1/2-1/2"]
[WhiteElo "2190"]
[BlackElo "1890"]
[PlyCount "69"]
[EventDate "2013.12.19"]
[EventType "swiss"]
[EventRounds "11"]
[EventCountry "UAE"]
[Source "lmi"]
[SourceDate "2013.12.19"]

1. e4 e5 2. Nf3 Nc6 3. Bb5 a6 4. Ba4 Nf6 5. d3 b5 6. Bb3 Be7 7. a4 b4 8. a5 d6
9. Nbd2 O-O 10. h3 Be6 11. Nc4 h6 12. O-O Nd7 13. Be3 Kh7 14. Re1 Qc8 15. d4
exd4 16. Nxd4 Nxd4 17. Bxd4 Bf6 18. Bxf6 Nxf6 19. Qd3 Kg8 20. e5 dxe5 21. Nxe5
Bxb3 22. Qxb3 Qf5 23. Qxb4 Rab8 24. Qc3 Rb5 25. Nd3 Rd8 26. Re5 Rxe5 27. Qxe5
Qxe5 28. Nxe5 Rd2 29. Rc1 Ne4 30. Nd3 c5 31. Ne5 Nxf2 32. Nc4 Rd4 33. b3 Ne4
34. Re1 f5 35. Re2 1/2-1/2

[Event "Wch Juvenil 2013 sub-14"]
[Site "Al-Ain UAE"]
[Date "2013.12.21"]
[Round "4.27"]
[White "Mamyrbay, Assad"]
[Black "Thybo, Jesper Sondergaard"]
[Result "0-1"]
[WhiteElo "1904"]
[BlackElo "2147"]
[PlyCount "76"]
[EventDate "2013.12.19"]
[EventType "swiss"]
[EventRounds "11"]
[EventCountry "UAE"]
[Source "lmi"]
[SourceDate "2013.12.19"]

1. e4 c6 2. d4 d5 3. Nd2 dxe4 4. Nxe4 Bf5 5. Ng3 Bg6 6. h4 h6 7. Nf3 Nd7 8. h5
Bh7 9. Bd3 Bxd3 10. Qxd3 e6 11. Bd2 Ngf6 12. O-O-O Be7 13. Kb1 O-O 14. Ne4 Nxe4
15. Qxe4 Nf6 16. Qe2 Qd5 17. g4 Qe4 18. Qxe4 Nxe4 19. Be3 f5 20. Ne5 f4 21. f3
Ng3 22. Rh3 fxe3 23. Rxg3 e2 24. Rh1 Bh4 25. Rgg1 Bf2 26. Rc1 Bg3 27. c3 c5 28.
Nd7 Rxf3 29. Nxc5 Re3 30. Rce1 b6 31. Nb3 Rf8 32. Kc2 Bxe1 33. Rxe1 Rf1 34. Kd2
Rxe1 35. Kxe1 Rg3 36. Kxe2 Rg2+ 37. Kf3 Rxb2 38. Kf4 Rxa2 0-1

[Event "Wch Juvenil 2013 sub-14"]
[Site "Al-Ain UAE"]
[Date "2013.12.21"]
[Round "4.28"]
[White "Ahn, Hongjin"]
[Black "Martirosyan, Haik M"]
[Result "0-1"]
[WhiteElo "1907"]
[BlackElo "2131"]
[PlyCount "108"]
[EventDate "2013.12.19"]
[EventType "swiss"]
[EventRounds "11"]
[EventCountry "UAE"]
[Source "lmi"]
[SourceDate "2013.12.19"]

1. Nf3 d5 2. g3 Nf6 3. Bg2 c6 4. O-O Bf5 5. d4 e6 6. c4 Nbd7 7. cxd5 exd5 8.
Nc3 h6 9. Qb3 Qb6 10. Bf4 Qxb3 11. axb3 Be7 12. Rfc1 O-O 13. Na4 Rfe8 14. Nc5
Nxc5 15. dxc5 Nd7 16. Nd4 Be6 17. b4 a5 18. bxa5 Nxc5 19. b4 Nd7 20. a6 bxa6
21. Nxe6 fxe6 22. Rxc6 Bxb4 23. Raxa6 Rxa6 24. Rxa6 Bc5 25. Rc6 Kf7 26. Bf3 Bd4
27. Bxh6 Ne5 28. Bh5+ g6 29. Rc7+ Kf6 30. Bf3 Nxf3+ 31. exf3 e5 32. Rc6+ Kf7
33. Rc7+ Ke6 34. Rc2 Ra8 35. Re2 Kd6 36. Kg2 Bc3 37. Bg7 Rg8 38. Bf6 Rf8 39.
Bg5 Ra8 40. f4 e4 41. f3 e3 42. Rxe3 d4 43. Rd3 Ra2+ 44. Kh3 Kd5 45. g4 Ra1 46.
f5 gxf5 47. gxf5 Kc4 48. Rd2 Bxd2 49. Bxd2 Kd5 50. Kg4 Ke5 51. Bf4+ Kf6 52.
Bg5+ Kf7 53. h4 d3 54. h5 Rg1+ 0-1

[Event "Wch Juvenil 2013 sub-14"]
[Site "Al-Ain UAE"]
[Date "2013.12.21"]
[Round "4.29"]
[White "Turar, Dastan"]
[Black "Nikitenko, Mihail"]
[Result "1-0"]
[WhiteElo "1890"]
[BlackElo "2125"]
[PlyCount "63"]
[EventDate "2013.12.19"]
[EventType "swiss"]
[EventRounds "11"]
[EventCountry "UAE"]
[Source "lmi"]
[SourceDate "2013.12.19"]

1. d4 d5 2. c4 c6 3. Nc3 Nf6 4. Nf3 dxc4 5. a4 Bf5 6. e3 e6 7. Bxc4 Bb4 8. O-O
Nbd7 9. Qe2 Bg6 10. e4 Bxc3 11. bxc3 Nxe4 12. Ba3 Nb6 13. Bb3 a5 14. Rac1 Nd5
15. Bxd5 Qxd5 16. c4 Qd7 17. Rfd1 c5 18. Ne5 Qxa4 19. Nxg6 hxg6 20. Rd3 Nf6 21.
Bxc5 Rc8 22. Re3 Qc6 23. h3 Rh4 24. Qd3 Rd8 25. Rce1 Kd7 26. Rb1 Kc8 27. Qa3 a4
28. Rb6 Qc7 29. Qxa4 Ne4 30. Qa8+ Qb8 31. Qxb8+ Kxb8 32. Be7 1-0

[Event "Wch Juvenil 2013 sub-14"]
[Site "Al-Ain UAE"]
[Date "2013.12.21"]
[Round "4.30"]
[White "Xu, Minghui"]
[Black "Abbasov, Zaur Shahin"]
[Result "1/2-1/2"]
[WhiteElo "2121"]
[PlyCount "93"]
[EventDate "2013.12.19"]
[EventType "swiss"]
[EventRounds "11"]
[EventCountry "UAE"]
[Source "lmi"]
[SourceDate "2013.12.19"]
[BlackElo "1882"]

1. e4 e6 2. d4 d5 3. Nd2 Nf6 4. e5 Nfd7 5. Bd3 c5 6. c3 Nc6 7. Ne2 cxd4 8. cxd4
f6 9. exf6 Nxf6 10. Nf3 Bd6 11. O-O Qc7 12. g3 O-O 13. Bf4 Bd7 14. Rc1 Rae8 15.
Ne5 Qb8 16. Nxc6 Bxc6 17. Bxd6 Qxd6 18. f4 Qb4 19. Qb3 a5 20. Rc3 Ba4 21. Qa3
Rc8 22. Rfc1 Rc6 23. h3 Ne4 24. Bxe4 dxe4 25. Kf2 Bb5 26. Rc5 Qd2 27. Qe3 Qxb2
28. Qxe4 Qxe2+ 29. Qxe2 Bxe2 30. Kxe2 Rd6 31. Ke3 Rfd8 32. R1c4 b6 33. Rc6 b5
34. Rxd6 Rxd6 35. Rc7 b4 36. Ra7 Rc6 37. Rxa5 Rc3+ 38. Ke4 Rxg3 39. Ke5 Re3+
40. Kd6 Re4 41. d5 exd5 42. f5 Rh4 43. Ke6 h6 44. Ra8+ Kh7 45. Ra7 Rf4 46. Ke5
Rf2 47. Rb7 1/2-1/2